[Event "Kieler Open 2015 Gruppe A"]
[Site "Kiel"]
[Date "2015.07.25"]
[Round "2.39"]
[White "Rosenburg, Hauke"]
[Black "Sommer, Stefan"]
[Result "1/2-1/2"]
[WhiteElo "1862"]
[BlackElo "1729"]
[PlyCount "58"]
[EventDate "2015.??.??"]
[WhiteTeam "SF Burg"]
[BlackTeam "SV RUGIA Bergen"]

1. c4 e5 2. Nc3 Nf6 3. Nf3 Nc6 4. e3 Be7 5. d4 exd4 6. exd4 d5 7. h3 O-O 8. Be2
Bf5 9. O-O Re8 10. Bf4 a6 11. cxd5 Nxd5 12. Nxd5 Qxd5 13. Bxc7 Bf6 14. Bb6 Nb4
15. Bc5 Nc2 16. Rc1 b6 17. Bd3 Bxd3 18. Qxd3 bxc5 19. Rxc2 cxd4 20. b3 Red8 21.
Rd1 Rd6 22. Rc4 Rad8 23. Re1 Qa5 24. Re2 h6 25. Rcc2 Qb5 26. Ne1 Qg5 27. Nf3
Qb5 28. Ne1 Qg5 29. Nf3 Qb5 1/2-1/2

[Event "Kieler Open 2015 Gruppe A"]
[Site "Kiel"]
[Date "2015.07.25"]
[Round "2.40"]
[White "Bosselmann, Tom Linus"]
[Black "Schulz, Gerhard"]
[Result "1-0"]
[WhiteElo "1701"]
[BlackElo "1858"]
[PlyCount "59"]
[EventDate "2015.??.??"]
[WhiteTeam "Lübecker SV"]
[BlackTeam "VT Ludwigslust"]

1. e4 e6 2. d4 d5 3. Nd2 Nf6 4. e5 Nfd7 5. f4 c5 6. c3 cxd4 7. cxd4 Nc6 8. Ndf3
Qb6 9. Ne2 Be7 10. g3 f6 11. Bh3 Na5 12. O-O O-O 13. Bd2 Nc4 14. b3 Nxd2 15.
Qxd2 f5 16. g4 g6 17. gxf5 gxf5 18. Kh1 Rf7 19. Rg1+ Rg7 20. Rxg7+ Kxg7 21.
Rg1+ Kh8 22. Nc3 Nf8 23. Bf1 Bd7 24. h4 Bb4 25. Qg2 Ng6 26. h5 Bxc3 27. hxg6
Qd8 28. Qh3 Qe7 29. g7+ Kg8 30. Ng5 1-0

[Event "Kieler Open 2015 Gruppe A"]
[Site "Kiel"]
[Date "2015.07.26"]
[Round "3.2"]
[White "Jahncke, Giso"]
[Black "Stopa, Jacek"]
[Result "0-1"]
[WhiteElo "2308"]
[BlackElo "2541"]
[PlyCount "60"]
[EventDate "2015.??.??"]
[WhiteTeam "Preetzer TSV"]
[BlackTeam "Polen"]

1. d4 e6 2. Nf3 f5 3. g3 Nf6 4. Bg2 d5 5. O-O Bd6 6. c4 c6 7. Qc2 O-O 8. Nbd2
Nbd7 9. cxd5 cxd5 10. e3 Qe7 11. Ne1 b6 12. Nd3 Ba6 13. Rd1 Rac8 14. Qb1 g5 15.
Nf3 Ne4 16. Bd2 Rc7 17. Be1 Rfc8 18. Bf1 g4 19. Nd2 Ndf6 20. Nxe4 Nxe4 21. b4
Bc4 22. b5 Ng5 23. Bg2 Qe8 24. a4 Qh5 25. Bd2 Nh3+ 26. Kf1 Ng5 27. Kg1 Nf3+ 28.
Bxf3 gxf3 29. Kh1 Rg7 30. Rg1 Rg6 0-1

[Event "Kieler Open 2015 Gruppe A"]
[Site "Kiel"]
[Date "2015.07.26"]
[Round "3.3"]
[White "Dgebuadze, Alexandre"]
[Black "Schnitzer, Peter"]
[Result "1-0"]
[WhiteElo "2490"]
[BlackElo "2178"]
[PlyCount "85"]
[EventDate "2015.??.??"]
[WhiteTeam "SC 1950 Remagen"]
[BlackTeam "SC Kreuzberg"]

1. e4 c5 2. Nf3 d6 3. d4 Nf6 4. Nc3 cxd4 5. Nxd4 a6 6. Be2 e5 7. Nb3 Be7 8. O-O
O-O 9. Kh1 Be6 10. f4 exf4 11. Bxf4 Nc6 12. Qe1 Nd7 13. Rd1 Nce5 14. Nd4 Rc8
15. Nd5 Bxd5 16. exd5 Re8 17. Qb4 Qc7 18. Qb3 Bf8 19. Qh3 Qc5 20. c4 g6 21. Bh6
Rc7 22. a3 Bxh6 23. b4 Qb6 24. Qxh6 Nf8 25. c5 dxc5 26. Nf5 f6 27. d6 Rf7 28.
Ne7+ Kh8 29. Nd5 Qd8 30. Nc7 cxb4 31. Nxe8 Qxe8 32. axb4 Qe6 33. Bf3 Nxf3 34.
Rxf3 Kg8 35. Qe3 Qd7 36. Qb3 Kg7 37. h3 Qc8 38. Rc3 Qd8 39. Qc2 Ne6 40. Rc8 Qd7
41. Qc4 Rf8 42. Rxf8 Kxf8 43. Qxe6 1-0

[Event "Kieler Open 2015 Gruppe A"]
[Site "Kiel"]
[Date "2015.07.26"]
[Round "3.4"]
[White "Krause, Jonah"]
[Black "Lanka, Zigurds"]
[Result "1/2-1/2"]
[WhiteElo "2259"]
[BlackElo "2419"]
[PlyCount "102"]
[EventDate "2015.??.??"]
[WhiteTeam "SV Bargteheide"]
[BlackTeam "TSV Schott Mainz"]

1. d4 Nf6 2. c4 g6 3. Nc3 Bg7 4. e4 d6 5. Nf3 O-O 6. Be2 e5 7. Be3 Ng4 8. Bg5
f6 9. Bh4 g5 10. Bg3 Nh6 11. dxe5 dxe5 12. Qd5+ Kh8 13. h4 g4 14. Qxd8 Rxd8 15.
Nd2 Na6 16. Nb3 c6 17. f3 gxf3 18. gxf3 b6 19. a3 Be6 20. Bf2 Nf7 21. Be3 Bf8
22. Rd1 Rdb8 23. Nd2 Nc7 24. Ra1 Bh6 25. Bxh6 Nxh6 26. b4 Bg8 27. Nb3 Ne6 28.
Kf2 Nf4 29. Bf1 a5 30. Ke3 axb4 31. axb4 Nf7 32. Rh2 Nd6 33. c5 bxc5 34. Rxa8
Rxa8 35. Nxc5 Ra3 36. Rc2 Nb5 37. Bxb5 cxb5 38. Kf2 Bc4 39. Nd1 Kg7 40. Nb2 Bf7
41. Nd1 Kg6 42. Ne3 Kh5 43. Ng4 Kxh4 44. Nxf6 Nh3+ 45. Kg2 Ng5 46. Rf2 Bc4 47.
Ng4 Nh3 48. Rd2 Nf4+ 49. Kf2 Nh3+ 50. Kg2 Nf4+ 51. Kf2 Nh3+ 1/2-1/2

[Event "Kieler Open 2015 Gruppe A"]
[Site "Kiel"]
[Date "2015.07.26"]
[Round "3.5"]
[White "Bracker, Arne"]
[Black "Wichmann, Cliff"]
[Result "1/2-1/2"]
[WhiteElo "2256"]
[BlackElo "2358"]
[PlyCount "72"]
[EventDate "2015.??.??"]
[WhiteTeam "Hamburger SK"]
[BlackTeam "ESV Nickelhütte Aue"]

1. d4 d5 2. c4 c6 3. Nf3 Nf6 4. Nc3 e6 5. Bg5 h6 6. Bh4 Be7 7. e3 Nbd7 8. Bd3
O-O 9. O-O b6 10. cxd5 exd5 11. Qc2 Re8 12. Bg3 Bb7 13. h3 Nf8 14. Rad1 Bd6 15.
Ne5 Qe7 16. f4 N6d7 17. e4 Ne6 18. exd5 cxd5 19. Bb5 Bxe5 20. dxe5 Nc7 21. Bd3
Rac8 22. Qd2 Nc5 23. Bb1 Ne4 24. Nxe4 dxe4 25. f5 Qc5+ 26. Kh1 e3 27. Qe2 Rxe5
28. Bxe5 Qxe5 29. f6 Ne6 30. fxg7 Nf4 31. Rxf4 Qxf4 32. Qd3 Kxg7 33. Rf1 Rc1
34. Rxc1 Bxg2+ 35. Kxg2 Qf2+ 36. Kh1 Qf3+ 1/2-1/2

[Event "Kieler Open 2015 Gruppe A"]
[Site "Kiel"]
[Date "2015.07.26"]
[Round "3.6"]
[White "Ernst, Thomas"]
[Black "Neumann, Frank"]
[Result "1-0"]
[WhiteElo "2349"]
[BlackElo "2027"]
[PlyCount "107"]
[EventDate "2015.??.??"]
[WhiteTeam "Farsta SK"]
[BlackTeam "SC Agon Neumünster"]

1. e4 g6 2. d4 Bg7 3. Nc3 d6 4. f4 Nf6 5. Nf3 O-O 6. Bd3 c5 7. dxc5 dxc5 8. O-O
Nc6 9. e5 Nd5 10. Nxd5 Qxd5 11. Qe2 Bg4 12. c3 Qd7 13. Be3 b6 14. Rad1 Qc7 15.
Bc4 Rad8 16. Rxd8 Qxd8 17. h3 Bxf3 18. Qxf3 Qc7 19. e6 f5 20. Bb5 Nb8 21. Rd1
a6 22. Bc4 b5 23. Bf1 c4 24. a4 b4 25. Bd4 Rd8 26. Bxg7 Rxd1 27. Qxd1 Kxg7 28.
Qd4+ Kg8 29. Qxc4 Qxc4 30. Bxc4 bxc3 31. bxc3 Kf8 32. Kf2 Ke8 33. Ke3 Kd8 34.
Kd4 Kc7 35. Kc5 Nc6 36. Bxa6 Na5 37. g4 fxg4 38. hxg4 Nb3+ 39. Kb4 Nd2 40. Bd3
h5 41. f5 h4 42. fxg6 h3 43. g7 h2 44. g8=Q h1=Q 45. Qe8 Qh4 46. Qd7+ Kb8 47.
Qb5+ Kc7 48. Qc5+ Kb7 49. Qd5+ Kc7 50. Qd4 Qe1 51. Qd7+ Kb8 52. Qd8+ Kb7 53.
Qxe7+ Kb8 54. Qd6+ 1-0

[Event "Kieler Open 2015 Gruppe A"]
[Site "Kiel"]
[Date "2015.07.26"]
[Round "3.8"]
[White "Voloshin, Leonid"]
[Black "Thormeier, Johannes"]
[Result "1-0"]
[WhiteElo "2417"]
[BlackElo "1432"]
[PlyCount "61"]
[EventDate "2015.??.??"]
[WhiteTeam "Jicin"]
[BlackTeam "SC Wolfsburg"]

1. e4 c6 2. d4 d5 3. Nc3 dxe4 4. Nxe4 Nd7 5. Bc4 e6 6. Nf3 Ngf6 7. Nxf6+ Nxf6
8. O-O Be7 9. Bg5 O-O 10. Qe2 Ne8 11. Bxe7 Qxe7 12. Rad1 Nc7 13. Ne5 Nd5 14.
Rfe1 Qg5 15. Qf3 f6 16. Nd3 Kh8 17. Qg3 Qxg3 18. hxg3 Re8 19. Re2 b6 20. Nf4
Bd7 21. Rde1 Re7 22. Bxd5 cxd5 23. Nxd5 Rf7 24. Nc7 Rc8 25. Nxe6 g6 26. d5 Kg8
27. f3 b5 28. c3 a5 29. Re4 Re7 30. Nc5 Rxe4 31. Nxe4 1-0

[Event "Kieler Open 2015 Gruppe A"]
[Site "Kiel"]
[Date "2015.07.26"]
[Round "3.9"]
[White "Keller, Harald"]
[Black "Junge, Ralph"]
[Result "1/2-1/2"]
[WhiteElo "2041"]
[BlackElo "2214"]
[PlyCount "44"]
[EventDate "2015.??.??"]
[WhiteTeam "SV Rottweil"]
[BlackTeam "SG Turm Kiel"]

1. e4 g6 2. d4 Bg7 3. Nc3 a6 4. Be3 d6 5. Be2 Nd7 6. f4 b5 7. Bf3 b4 8. Nce2
Nb6 9. c3 bxc3 10. bxc3 Bd7 11. Ng3 Rb8 12. N1e2 Ba4 13. Qd3 Bb5 14. Qc2 Ba4
15. Qd3 Bb5 16. Qc2 Qd7 17. O-O h5 18. Rfb1 Rc8 19. e5 d5 20. f5 Ba4 21. Qd3
Bb5 22. Qc2 Ba4 1/2-1/2

[Event "Kieler Open 2015 Gruppe A"]
[Site "Kiel"]
[Date "2015.07.26"]
[Round "3.10"]
[White "Rieper, Julian"]
[Black "Lindborg, Petter"]
[Result "0-1"]
[WhiteElo "1906"]
[BlackElo "2197"]
[PlyCount "111"]
[EventDate "2015.??.??"]
[WhiteTeam "SK Doppelbauer Kiel"]
[BlackTeam "Solna SchackSälsskap"]

1. e4 e6 2. d4 d5 3. Nc3 Bb4 4. e5 Ne7 5. Qg4 c5 6. a3 Qa5 7. Bd2 cxd4 8. Qxd4
Nbc6 9. Qg4 d4 10. Ne4 Bxd2+ 11. Nxd2 Qxe5+ 12. Be2 O-O 13. O-O-O f5 14. Qg5
Qf6 15. Qxf6 gxf6 16. Bc4 Kg7 17. f4 e5 18. Nb3 a6 19. a4 b6 20. Nf3 Ng6 21.
fxe5 fxe5 22. Rhe1 Ra7 23. Kb1 Rc7 24. Rd2 Re8 25. g3 Ree7 26. Rf1 Nb4 27. Be2
Nd5 28. h4 Nf6 29. Rg1 Bb7 30. h5 Nf8 31. Nh4 Bc8 32. Bd3 Nxh5 33. Bxf5 Rf7 34.
g4 Bxf5 35. Nxf5+ Kh8 36. Nfxd4 Nf6 37. Ne2 Ne4 38. Rd5 Rf2 39. Re1 Ng6 40.
Nbc1 Rg2 41. Rg1 Rf2 42. Rgd1 Kg7 43. c3 Re7 44. g5 Nxg5 45. Rd6 Rf6 46. Ng3
Kf7 47. Rd8 Nf4 48. Rg1 h6 49. Rh1 e4 50. Rf1 e3 51. Nce2 Nxe2 52. Rxf6+ Kxf6
53. Nxe2 Nf7 54. Rd4 h5 55. Kc2 Kg5 56. Kd1 {insgesamt 68 Züge} 0-1

[Event "Kieler Open 2015 Gruppe A"]
[Site "Kiel"]
[Date "2015.07.26"]
[Round "3.11"]
[White "Quiring, Nikolai"]
[Black "Hoffmann, Hendrik"]
[Result "1/2-1/2"]
[WhiteElo "2060"]
[BlackElo "2159"]
[PlyCount "103"]
[EventDate "2015.??.??"]

1. d4 d5 2. c4 c6 3. cxd5 cxd5 4. Nc3 Nc6 5. e4 e5 6. exd5 Nxd4 7. Nge2 Nxe2 8.
Bxe2 Nf6 9. Be3 Bd6 10. O-O O-O 11. Qd3 Bg4 12. f3 Bh5 13. Rfd1 Bg6 14. Qb5 Qe7
15. Rac1 Rfd8 16. Qb3 a6 17. Na4 h6 18. Nb6 Rab8 19. a3 Nd7 20. Nxd7 Rxd7 21.
Qb6 Qh4 22. g3 Qf6 23. b4 Rbd8 24. Qa5 h5 25. Bb6 Re8 26. Bc5 h4 27. Qa4 b5 28.
Qb3 hxg3 29. hxg3 Qg5 30. Kf2 e4 31. f4 Bxf4 32. gxf4 Qxf4+ 33. Kg2 Re5 34. Bf2
e3 35. Rc8+ Kh7 36. Rh1+ Bh5 37. Qc2+ g6 38. Bg3 Qe4+ 39. Qxe4 Rxe4 40. Bxh5
gxh5 41. Rxh5+ Kg6 42. Rh1 Rxd5 43. Rc6+ Re6 44. Rxe6+ fxe6 45. Ra1 Rd3 46. Rg1
Kf5 47. Rf1+ Ke4 48. Rf4+ Kd5 49. Rg4 Rxa3 50. Kf3 a5 51. bxa5 Rxa5 52. Kxe3
1/2-1/2

[Event "Kieler Open 2015 Gruppe A"]
[Site "Kiel"]
[Date "2015.07.26"]
[Round "3.12"]
[White "Voelzke, Ferdinand"]
[Black "Raddatz, Michael"]
[Result "0-1"]
[WhiteElo "2149"]
[BlackElo "2011"]
[PlyCount "102"]
[EventDate "2015.??.??"]

1. Nf3 Nf6 2. g3 g6 3. Bg2 Bg7 4. O-O O-O 5. c4 d6 6. d4 c6 7. b3 a5 8. Bb2 a4
9. b4 Nbd7 10. a3 Ne4 11. Nfd2 Nxd2 12. Nxd2 Nb6 13. Qc2 d5 14. c5 Nd7 15. Rad1
f5 16. Nb1 Kh8 17. f3 b5 18. cxb6 Nxb6 19. Rfe1 Nc4 20. e3 Qb6 21. Bc1 Ba6 22.
Nc3 Bb5 23. f4 e6 24. h3 Nd6 25. Kh2 Qa6 26. Nb1 Bc4 27. Nd2 Be2 28. Bf1 Bxd1
29. Qxd1 Qb6 30. Bd3 Ne4 31. Nf3 h6 32. Qc2 Bf6 33. Bb2 g5 34. Ne5 Bxe5 35.
dxe5 gxf4 36. exf4 Rac8 37. Re2 c5 38. Qxa4 cxb4 39. Qxb4 Qxb4 40. axb4 Rb8 41.
Ba6 Rg8 42. b5 Nxg3 43. Rc2 Nf1+ 44. Kh1 Rg3 45. b6 Rxh3+ 46. Kg1 Rg8+ 47. Kxf1
Rh1+ 48. Ke2 Rg2+ 49. Kd3 Rh3+ 50. Kd4 Rxc2 51. Bc3 Rhxc3 0-1

[Event "Kieler Open 2015 Gruppe A"]
[Site "Kiel"]
[Date "2015.07.26"]
[Round "3.13"]
[White "Zuse, Peter"]
[Black "Horn, Peter"]
[Result "1/2-1/2"]
[WhiteElo "2256"]
[BlackElo "2110"]
[PlyCount "51"]
[EventDate "2015.??.??"]

1. e4 e6 2. d4 d5 3. Nc3 Nf6 4. Bg5 Bb4 5. e5 h6 6. exf6 hxg5 7. fxg7 Rg8 8. a3
Bxc3+ 9. bxc3 Qf6 10. h4 gxh4 11. Qh5 Qxg7 12. Qxh4 Nc6 13. Nf3 Bd7 14. Bb5 f6
15. Qh5+ Qf7 16. Qxf7+ Kxf7 17. Rh7+ Rg7 18. Rxg7+ Kxg7 19. Kd2 Rh8 20. Re1 Kf7
21. Rg1 a6 22. Bxc6 Bxc6 23. Ne1 b6 24. f4 Be8 25. Nf3 Ke7 26. g3 1/2-1/2

[Event "Kieler Open 2015 Gruppe A"]
[Site "Kiel"]
[Date "2015.07.26"]
[Round "3.14"]
[White "Johansson, Thomas"]
[Black "Lippmann, Kai"]
[Result "1-0"]
[WhiteElo "2203"]
[BlackElo "1971"]
[PlyCount "103"]
[EventDate "2015.??.??"]

1. d4 d5 2. c4 c6 3. cxd5 cxd5 4. Nc3 e6 5. Bf4 Bd6 6. Bxd6 Qxd6 7. Nf3 Nf6 8.
e3 O-O 9. Bd3 a6 10. O-O Nc6 11. Rc1 Bd7 12. a3 b5 13. b4 Rac8 14. Bb1 Rc7 15.
Qd3 Rfc8 16. e4 dxe4 17. Nxe4 Nxe4 18. Qxe4 g6 19. Rc5 Ne7 20. Qe5 Qxe5 21.
Nxe5 Rxc5 22. dxc5 Be8 23. Rd1 Nd5 24. Rd2 f6 25. Ng4 Kf7 26. Ba2 Bc6 27. Ne3
Rd8 28. Bxd5 exd5 29. Nc2 Re8 30. f3 Re5 31. Kf2 Ke7 32. Nd4 Be8 33. h4 Kd7 34.
Re2 Bf7 35. Kg3 h6 36. f4 Re8 37. Rxe8 Bxe8 38. Kf3 Ke7 39. g4 Bd7 40. g5 h5
41. Ke3 Bc8 42. Ne2 fxg5 43. fxg5 Ke6 44. Kf4 d4 45. Nxd4+ Kd5 46. Nf3 Kc4 47.
Ne5+ Kb3 48. Nxg6 Kxa3 49. Ne7 a5 50. bxa5 b4 51. Nxc8 b3 52. a6 1-0

[Event "Kieler Open 2015 Gruppe A"]
[Site "Kiel"]
[Date "2015.07.26"]
[Round "3.15"]
[White "Petri, Alexander"]
[Black "Zimmermann, Manfred"]
[Result "1-0"]
[WhiteElo "2167"]
[BlackElo "1957"]
[PlyCount "83"]
[EventDate "2015.??.??"]

1. d4 d5 2. Nf3 Nf6 3. c4 e6 4. g3 Be7 5. Bg2 O-O 6. O-O b6 7. Qc2 Bb7 8. cxd5
exd5 9. Ne5 Nfd7 10. Nd3 Nf6 11. Bf4 c6 12. Nd2 Nbd7 13. b4 Nh5 14. Be3 Bd6 15.
a4 a6 16. a5 b5 17. Nb3 Qe7 18. Qd2 Rae8 19. Bf3 Nhf6 20. Bf4 Ne4 21. Bxe4 dxe4
22. Ndc5 Bxc5 23. bxc5 Qe6 24. d5 cxd5 25. Bd6 Ne5 26. Bxf8 Rxf8 27. Nd4 Qh3
28. Qg5 f6 29. Qh4 Qxh4 30. gxh4 Rc8 31. Nb3 Kf7 32. Rfc1 Nc6 33. Rd1 Ke6 34.
f3 f5 35. fxe4 fxe4 36. Rac1 Ke5 37. e3 Nb4 38. Rf1 Rc7 39. Nd4 g6 40. Rf8 Nc6
41. Re8+ Re7 42. Nxc6+ 1-0

[Event "Kieler Open 2015 Gruppe A"]
[Site "Kiel"]
[Date "2015.07.26"]
[Round "3.16"]
[White "Schäfer, Martin"]
[Black "Buchholz, Sebastian"]
[Result "1/2-1/2"]
[WhiteElo "1978"]
[BlackElo "2143"]
[PlyCount "74"]
[EventDate "2015.??.??"]

1. e4 c5 2. Na3 Nc6 3. Bb5 g6 4. Nf3 Bg7 5. c3 Nf6 6. d3 Qc7 7. O-O O-O 8. Bxc6
Qxc6 9. Bf4 d6 10. Qd2 Rd8 11. h3 b5 12. Nc2 a5 13. Bh6 Bh8 14. Rae1 Bb7 15.
Qg5 e5 16. Ne3 c4 17. Qh4 Rd7 18. Bg5 Ne8 19. Nd5 f6 20. Bxf6 Bxf6 21. Nxf6+
Nxf6 22. Qxf6 Rf7 23. Qg5 cxd3 24. Nd2 a4 25. a3 b4 26. cxb4 Qc2 27. Qe3 Ba6
28. Rc1 Qxb2 29. Nc4 Bxc4 30. Rxc4 Qxa3 31. Rfc1 Qb2 32. Qxd3 a3 33. Qc2 {=}
33... Rfa7 34. Rb1 Qxc2 35. Rxc2 a2 36. Ra1 Kf7 37. Kf1 Ke6 1/2-1/2

[Event "Kieler Open 2015 Gruppe A"]
[Site "Kiel"]
[Date "2015.07.26"]
[Round "3.17"]
[White "Homuth, Manfred"]
[Black "Wanner, Lukas"]
[Result "1/2-1/2"]
[WhiteElo "2142"]
[BlackElo "1944"]
[PlyCount "88"]
[EventDate "2015.??.??"]

1. e4 c5 2. Nf3 d6 3. d4 cxd4 4. Nxd4 Nf6 5. Nc3 g6 6. Be3 Bg7 7. f3 O-O 8. Qd2
Nc6 9. O-O-O d5 10. Qe1 e5 11. Nxc6 bxc6 12. exd5 cxd5 13. Bg5 Be6 14. Bc4 Qc7
15. Bxf6 dxc4 16. Bxg7 Kxg7 17. Qe3 Rad8 18. Rxd8 Rxd8 19. Re1 e4 20. Nxe4 Qxh2
21. Qc3+ Kg8 22. g4 Qh4 23. a3 f5 24. gxf5 Qf4+ 25. Kb1 Qxf5 26. Nf6+ Kf7 27.
Ng4 Qg5 28. Ne5+ Kg8 29. Nc6 Rd6 30. Rxe6 Rxe6 31. Qxc4 Kf7 32. Nd4 Qe5 33.
Qxe6+ Qxe6 34. Nxe6 Kxe6 35. Kc1 h5 36. Kd2 Kd5 37. Kd3 h4 38. c4+ Kc6 39. Ke3
Kc5 40. b3 g5 41. Kf2 Kd4 42. Kg2 a5 43. a4 Ke5 44. Kg1 Kf5 1/2-1/2

[Event "Kieler Open 2015 Gruppe A"]
[Site "Kiel"]
[Date "2015.07.26"]
[Round "3.18"]
[White "Boyens, Birger"]
[Black "Haffner, Alexander"]
[Result "0-1"]
[WhiteElo "1969"]
[BlackElo "2136"]
[PlyCount "100"]
[EventDate "2015.??.??"]

1. e4 g6 2. d4 Bg7 3. Nc3 d6 4. f4 c6 5. Nf3 Bg4 6. Be3 Nd7 7. Bc4 e6 8. h3
Bxf3 9. Qxf3 d5 10. Bb3 Ne7 11. g4 dxe4 12. Nxe4 O-O 13. c4 a5 14. Nc3 b5 15.
cxb5 cxb5 16. Nxb5 a4 17. Bc4 Nb6 18. Rc1 Nxc4 19. Rxc4 Rb8 20. Rc5 Nd5 21. Qe2
Re8 22. h4 Bf8 23. Bd2 Qd7 24. Nc3 Bxc5 25. dxc5 Rxb2 26. Qe5 Nb4 27. Qd6 Nd3+
28. Ke2 Nxc5 29. Qxd7 Nxd7 30. Rb1 Rxb1 31. Nxb1 f5 32. Nc3 Nc5 33. Be3 Kf7 34.
Bd4 Nd7 35. g5 a3 36. Ke3 Rb8 37. Kf3 Rb2 38. Be3 e5 39. fxe5 Nxe5+ 40. Kg3 Ke6
41. Kh3 Rc2 42. Bd4 Nf3 43. Bf6 h5 44. Kg3 Ne5 45. Nb5 Kd5 46. Be7 Ke4 47. Kh3
Ng4 48. Bd6 f4 49. Bxf4 Kxf4 50. Nd4 Rh2# 0-1

[Event "Kieler Open 2015 Gruppe A"]
[Site "Kiel"]
[Date "2015.07.26"]
[Round "3.19"]
[White "Friedel, Marcus"]
[Black "Janse, Alexander"]
[Result "1-0"]
[WhiteElo "2121"]
[BlackElo "1936"]
[PlyCount "45"]
[EventDate "2015.??.??"]

1. e4 d6 2. d4 Nf6 3. Nc3 Nbd7 4. f4 e5 5. Nf3 exd4 6. Qxd4 g6 7. e5 dxe5 8.
fxe5 Bc5 9. Qa4 Nh5 10. Bh6 Bf8 11. Bg5 Be7 12. Bxe7 Qxe7 13. g4 Ng7 14. Nd5
Qc5 15. Nf6+ Ke7 16. Qe4 Ne6 17. O-O-O Nb6 18. h4 Bd7 19. Nxd7 Nxd7 20. Bc4 Qb6
21. Ng5 Ndc5 22. Qf3 Raf8 23. Qf6+ 1-0

[Event "Kieler Open 2015 Gruppe A"]
[Site "Kiel"]
[Date "2015.07.26"]
[Round "3.20"]
[White "Saglam, Bülent"]
[Black "Thesing, Ansgar"]
[Result "1-0"]
[WhiteElo "2102"]
[BlackElo "1916"]
[PlyCount "62"]
[EventDate "2015.??.??"]

1. e4 c5 2. Nf3 d6 3. d4 cxd4 4. Nxd4 Nf6 5. Nc3 a6 6. Bg5 Nbd7 7. f4 e6 8. Qf3
Qc7 9. O-O-O h6 10. Bxf6 Nxf6 11. g4 b5 12. g5 hxg5 13. fxg5 b4 14. Nd5 Nxd5
15. exd5 Bb7 16. Re1 Qe7 17. Bc4 Qxg5+ 18. Kb1 e5 19. Rhf1 Qh5 20. Qb3 Qh3 21.
Qxb4 Qd7 22. Bb3 Kd8 23. Nc6+ Bxc6 24. dxc6 Qxc6 25. Rxf7 a5 26. Qd2 Qe8 27.
Qd5 Ra6 28. Qb7 Qc6 29. Qb8+ Qc8 30. Rd7+ Kxd7 31. Be6+ Kxe6 1-0

[Event "Kieler Open 2015 Gruppe A"]
[Site "Kiel"]
[Date "2015.07.26"]
[Round "3.21"]
[White "Möller, Dustin"]
[Black "Pick, Stefan"]
[Result "1/2-1/2"]
[WhiteElo "1947"]
[BlackElo "2101"]
[PlyCount "104"]
[EventDate "2015.??.??"]

1. d4 c5 2. d5 f5 3. c4 Nf6 4. Nc3 d6 5. Bg5 e5 6. dxe6 Bxe6 7. e4 Be7 8. exf5
Bxf5 9. Bxf6 Bxf6 10. Qd5 Bxc3+ 11. bxc3 Qe7+ 12. Be2 Be4 13. Qh5+ g6 14. Qh3
Nc6 15. f3 Bf5 16. Qg3 O-O 17. Rd1 Ne5 18. Kf2 Rae8 19. f4 Bg4 20. Bf3 Nd3+ 21.
Kf1 Bxf3 22. gxf3 Nxf4 23. Re1 Qxe1+ 24. Qxe1 Rxe1+ 25. Kxe1 Nd3+ 26. Ke2 Ne5
27. h4 Nxc4 28. h5 Rf5 29. hxg6 hxg6 30. Rh4 d5 31. Nh3 Kg7 32. Rg4 Re5+ 33.
Kf2 Ne3 34. Rg1 Nf5 35. Nf4 Ne7 36. Nd3 Rh5 37. Nxc5 b6 38. Ne6+ Kf6 39. Nd4
Rh2+ 40. Rg2 Rxg2+ 41. Kxg2 Nf5 42. Nb5 a6 43. Nc7 Ke5 44. Kf2 g5 45. Na8 b5
46. Nc7 Nd6 47. Ke3 a5 48. Kd3 Kf4 49. Ne6+ Kxf3 50. Nxg5+ Kf4 51. Ne6+ Ke5 52.
Nc7 b4 1/2-1/2

[Event "Kieler Open 2015 Gruppe A"]
[Site "Kiel"]
[Date "2015.07.26"]
[Round "3.22"]
[White "Roth, Thorsten"]
[Black "Schulz, Toni"]
[Result "1-0"]
[WhiteElo "2083"]
[BlackElo "1895"]
[PlyCount "67"]
[EventDate "2015.??.??"]

1. d4 Nf6 2. c4 c5 3. d5 e5 4. Nc3 d6 5. e4 Be7 6. g3 Nbd7 7. Bg2 O-O 8. Nge2
Ne8 9. Qd3 g6 10. Bh6 Ng7 11. h4 Nf6 12. f3 Kh8 13. O-O-O Ng8 14. Be3 a6 15. f4
f6 16. h5 g5 17. h6 Ne8 18. Rdf1 Nc7 19. Qd2 g4 20. f5 Rf7 21. Rh4 Bf8 22. Rxg4
b5 23. Rh4 bxc4 24. g4 Nb5 25. g5 fxg5 26. Bxg5 Qa5 27. Bf3 Rb8 28. Bh5 Rfb7
29. f6 Nxc3 30. Nxc3 Rxb2 31. f7 Bxh6 32. fxg8=Q+ Kxg8 33. Bf7+ Kf8 34. Bxh6+
1-0

[Event "Kieler Open 2015 Gruppe A"]
[Site "Kiel"]
[Date "2015.07.26"]
[Round "3.23"]
[White "Lehr, Thomas"]
[Black "Sieweck, Philipp"]
[Result "1/2-1/2"]
[WhiteElo "1939"]
[BlackElo "2076"]
[PlyCount "90"]
[EventDate "2015.??.??"]

1. e4 c6 2. d4 d5 3. f3 e6 4. Nc3 Nf6 5. Bg5 Qb6 6. Rb1 Bb4 7. Bxf6 gxf6 8. a3
Be7 9. Qd3 Nd7 10. exd5 cxd5 11. f4 Qd6 12. g3 Nb6 13. Nf3 Bd7 14. Bg2 Bc6 15.
O-O O-O-O 16. Rfe1 Kb8 17. b4 h5 18. Kf2 h4 19. b5 hxg3+ 20. hxg3 Bd7 21. a4
Nc4 22. Nd2 Nxd2 23. Qxd2 Rdg8 24. Rb3 Bd8 25. Ne2 e5 26. dxe5 Bb6+ 27. Nd4
fxe5 28. fxe5 Qg6 29. Rbe3 Rh4 30. c3 Rg4 31. Qd3 Bf5 32. Qxf5 Bxd4 33. Qxg6
Bxe3+ 34. Rxe3 R8xg6 35. Bxd5 Rg7 36. c4 Kc7 37. Rf3 R4g5 38. Rxf7+ Rxf7+ 39.
Bxf7 Rxe5 40. Bd5 b6 41. g4 Kd6 42. Kf3 Ke7 43. Kf4 Kf6 44. Be4 Re8 45. g5+ Kg7
1/2-1/2

[Event "Kieler Open 2015 Gruppe A"]
[Site "Kiel"]
[Date "2015.07.26"]
[Round "3.24"]
[White "Koop, Sören"]
[Black "Saß, Patrick"]
[Result "1-0"]
[WhiteElo "2070"]
[BlackElo "1878"]
[PlyCount "83"]
[EventDate "2015.??.??"]

1. e4 e5 2. Nf3 Nc6 3. d4 exd4 4. Nxd4 Nf6 5. Nxc6 bxc6 6. Bd3 Be7 7. e5 Nd5 8.
c4 Bb4+ 9. Bd2 Bxd2+ 10. Qxd2 Nb6 11. O-O O-O 12. Nc3 d5 13. exd6 cxd6 14. Qf4
Be6 15. b3 d5 16. Rad1 Qc8 17. cxd5 cxd5 18. Nb5 Qd7 19. Rc1 Rac8 20. Nd6 Rxc1
21. Rxc1 Rd8 22. Nf5 Rc8 23. Rxc8+ Nxc8 24. Nd4 Qd6 25. Qxd6 Nxd6 26. Kf1 g6
27. Ke2 Bd7 28. Ke3 f6 29. Nc2 Kf7 30. Kd4 Ke6 31. Nb4 Nb5+ 32. Bxb5 Bxb5 33.
Nxd5 Bc6 34. Ne3 f5 35. f4 Be4 36. Kc5 Kd7 37. g3 Bb1 38. a4 Be4 39. b4 h6 40.
h4 h5 41. Nc4 Kc7 42. Ne5 1-0

[Event "Kieler Open 2015 Gruppe A"]
[Site "Kiel"]
[Date "2015.07.26"]
[Round "3.25"]
[White "Müller, Winus"]
[Black "Hilbig, Dieter"]
[Result "0-1"]
[WhiteElo "1927"]
[BlackElo "2067"]
[PlyCount "56"]
[EventDate "2015.??.??"]

1. d4 Nf6 2. c4 e6 3. Nf3 b6 4. g3 Bb7 5. Bg2 Bb4+ 6. Bd2 Bxd2+ 7. Nbxd2 O-O 8.
O-O Ne4 9. Ne5 Nd6 10. e4 f5 11. f3 Nc6 12. Nxc6 Bxc6 13. d5 exd5 14. cxd5 Bb5
15. Re1 fxe4 16. fxe4 Rb8 17. Qb3 Ba6 18. Rac1 Kh8 19. Qc2 Rc8 20. Nf3 Bb7 21.
Rcd1 Nf7 22. e5 Nh6 23. Rf1 Ba6 24. Rfe1 Bb7 25. Nd4 Qg5 26. e6 Qe7 27. d6 cxd6
28. exd7 Rxc2 0-1

[Event "Kieler Open 2015 Gruppe A"]
[Site "Kiel"]
[Date "2015.07.26"]
[Round "3.26"]
[White "Wegemund, Hubert"]
[Black "Magnussen, Helge"]
[Result "0-1"]
[WhiteElo "1873"]
[BlackElo "2054"]
[PlyCount "68"]
[EventDate "2015.??.??"]

1. e4 e6 2. d4 d5 3. Nd2 Nc6 4. e5 Nxd4 5. Bd3 c5 6. c3 Nc6 7. f4 Bd7 8. Ne2
Qc7 9. a3 f6 10. Nf3 fxe5 11. fxe5 Nxe5 12. Nxe5 Qxe5 13. Bf4 Qh5 14. O-O c4
15. Bc2 Bc5+ 16. Kh1 Nf6 17. Qd2 O-O-O 18. Ng3 Qe8 19. b3 cxb3 20. Bxb3 Ba4 21.
Qc2 Bxb3 22. Qxb3 Bd6 23. c4 Bxf4 24. Rxf4 d4 25. c5 Qc6 26. Rd1 Kb8 27. Qc4 e5
28. Rff1 Ng4 29. Nf5 g6 30. h3 gxf5 31. hxg4 f4 32. Rf3 h5 33. g5 h4 34. Rh3
Rdg8 0-1

[Event "Kieler Open 2015 Gruppe A"]
[Site "Kiel"]
[Date "2015.07.26"]
[Round "3.27"]
[White "Gutschenreiter, Dorian"]
[Black "Berenstein, Alexander"]
[Result "0-1"]
[WhiteElo "1865"]
[BlackElo "2030"]
[PlyCount "40"]
[EventDate "2015.??.??"]

1. e4 c5 2. Nf3 d6 3. d4 cxd4 4. Nxd4 Nf6 5. Nc3 a6 6. Bg5 e6 7. f4 Be7 8. Qf3
Qb6 9. O-O-O Nc6 10. Nb3 Qc7 11. g4 b5 12. Bxf6 Bxf6 13. g5 Be7 14. f5 Bxg5+
15. Kb1 Bf6 16. Bxb5 axb5 17. Nxb5 Qb6 18. Nxd6+ Ke7 19. Rhf1 Ba6 20. Rf2 Rad8
0-1

[Event "Kieler Open 2015 Gruppe A"]
[Site "Kiel"]
[Date "2015.07.26"]
[Round "3.28"]
[White "Pluska, Alexander"]
[Black "Wunderlich, Matthias"]
[Result "1-0"]
[WhiteElo "2030"]
[BlackElo "1730"]
[PlyCount "53"]
[EventDate "2015.??.??"]

1. d4 d6 2. c4 e5 3. Nf3 e4 4. Ng5 f5 5. Nc3 Be7 6. Nh3 Nf6 7. Bg5 c6 8. Nf4
O-O 9. g3 Na6 10. Bg2 Nc7 11. O-O Ne6 12. Nxe6 Bxe6 13. d5 Bd7 14. c5 Nxd5 15.
Bxe7 Nxe7 16. cxd6 Ng6 17. Qb3+ Kh8 18. f3 exf3 19. Bxf3 f4 20. Ne4 b6 21. Rac1
Rc8 22. Bg2 Bf5 23. Rcd1 Bxe4 24. Bxe4 Qg5 25. d7 Rc7 26. Bxg6 hxg6 27. Rxf4
1-0